[Event "EUR-chT Seniors 50"]
[Site "Mali Losinj"]
[Date "2019.09.24"]
[Round "7.1"]
[White "Sulc, Damir"]
[Black "Mikhalchishin, Adrian"]
[Result "0-1"]
[WhiteElo "2207"]
[BlackElo "2465"]
[PlyCount "67"]
[EventDate "2019.09.18"]
[EventType "team-swiss"]
[EventRounds "9"]
[EventCountry "CRO"]
[SourceTitle "EXT 2020"]
[Source "ChessBase"]
[SourceDate "2019.10.17"]
[SourceVersion "1"]
[SourceVersionDate "2019.10.17"]
[SourceQuality "1"]
[WhiteTeam "Croatia 50 II"]
[BlackTeam "Maribor 50"]
[WhiteTeamCountry "CRO"]
[BlackTeamCountry "SLO"]

1. e4 e5 2. Nf3 Nc6 3. Bb5 a6 4. Ba4 Nge7 5. c3 g6 6. 0-0 Bg7 7. d4 b5 8. Bb3 exd4 9. cxd4 d6 10. h3 0-0 11. Nc3 Na5 12. Bc2 c5 13. Bf4 cxd4 14. Nxd4 Nc4 15. Nde2 Nxb2 16. Qxd6 Be6 17. a4 Rc8 18. e5 Nd5 19. Nxd5 Rxc2 20. Ne7+ Kh8 21. Ng3 Qxd6 22. exd6 Nd3 23. Be3 Bxa1 24. Rxa1 b4 25. Rd1 Ne5 26. Bd4 f6 27. Ne4 Nd7 28. Re1 Kg7 29. f4 Kf7 30. g4 b3 31. f5 gxf5 32. gxf5 Bc4 33. Rb1 Bd3 34. Re1 0-1

[Event "CRO-ch Seniors"]
[Site "Malinska"]
[Date "2018.11.07"]
[Round "5"]
[White "Dusper, Hrvoje"]
[Black "Sulc, Damir"]
[Result "1/2-1/2"]
[WhiteElo "2201"]
[BlackElo "2212"]
[PlyCount "22"]
[EventDate "2018.11.04"]
[EventType "swiss"]
[EventRounds "7"]
[EventCountry "CRO"]
[SourceTitle "CBM 187 Extra"]
[Source "ChessBase"]
[SourceDate "2018.11.04"]
[SourceVersion "1"]
[SourceVersionDate "2018.11.04"]
[SourceQuality "1"]

1. e4 e5 2. Nf3 Nc6 3. Bb5 a6 4. Ba4 Nf6 5. 0-0 Be7 6. Re1 b5 7. Bb3 d6 8. c3 0-0 9. h3 Nb8 10. d4 Nbd7 11. Nbd2 Bb7 1/2-1/2

[Event "CRO-ch Seniors"]
[Site "Malinska"]
[Date "2018.11.05"]
[Round "2"]
[White "Sulc, Damir"]
[Black "Mandekic, Ivan"]
[Result "1/2-1/2"]
[WhiteElo "2212"]
[BlackElo "2232"]
[PlyCount "108"]
[EventDate "2018.11.04"]
[EventType "swiss"]
[EventRounds "7"]
[EventCountry "CRO"]
[SourceTitle "CBM 187 Extra"]
[Source "ChessBase"]
[SourceDate "2018.11.04"]
[SourceVersion "1"]
[SourceVersionDate "2018.11.04"]
[SourceQuality "1"]

1. e4 c6 2. d4 d5 3. Nc3 dxe4 4. Nxe4 Bf5 5. Ng3 Bg6 6. h4 h6 7. h5 Bh7 8. Nf3 Nd7 9. Bd3 Bxd3 10. Qxd3 e6 11. Bd2 Ngf6 12. 0-0-0 Be7 13. Ne4 Nxe4 14. Qxe4 Nf6 15. Qe2 Qd5 16. Kb1 a5 17. Ne5 b5 18. f3 b4 19. g4 Qb5 20. Rhe1 Qxe2 21. Rxe2 Ra6 22. Rh1 Nd5 23. f4 Bd6 24. g5 Bxe5 25. dxe5 Rb6 26. Kc1 Rb5 27. gxh6 gxh6 28. Rg1 Ne7 29. Be3 Nf5 30. Bf2 Ke7 31. Rd2 Rc8 32. Kd1 Rd5 33. Ke2 c5 34. Rgd1 Rxd2+ 35. Rxd2 c4 36. Rd1 a4 37. Kf3 Ke8 38. Ke4 b3 39. cxb3 cxb3 40. axb3 axb3 41. Rd2 Rc4+ 42. Kf3 Rc2 43. Ke2 Ng7 44. Rxc2 bxc2 45. Kd2 c1Q+ 46. Kxc1 Nxh5 47. Be3 Ng3 48. Kd2 Kd7 49. Bf2 Nf5 50. Ke2 Kc6 51. b4 Kb5 52. Bc5 Kc4 53. Kf3 Kd5 54. Kg4 Kc4 1/2-1/2

[Event "Topusko op 4th"]
[Site "Topusko"]
[Date "2015.08.08"]
[Round "9"]
[White "Cvitkovic, Filip"]
[Black "Sulc, Damir"]
[Result "1-0"]
[WhiteElo "2095"]
[BlackElo "2205"]
[PlyCount "69"]
[EventDate "2015.08.01"]
[EventType "swiss"]
[EventRounds "9"]
[EventCountry "CRO"]
[SourceTitle "CBM 167 Extra"]
[Source "ChessBase"]
[SourceDate "2015.09.14"]
[SourceVersion "1"]
[SourceVersionDate "2015.09.14"]
[SourceQuality "1"]

1. d4 Nf6 2. c4 e6 3. Nc3 Bb4 4. Nf3 0-0 5. Bg5 h6 6. Bh4 b6 7. Qb3 Bxc3+ 8. Qxc3 Bb7 9. 0-0-0 d6 10. e3 Nbd7 11. Bd3 Qe8 12. Rhe1 Ne4 13. Bxe4 Bxe4 14. Nd2 Bb7 15. e4 e5 16. Bg3 Qe6 17. f4 Rfe8 18. fxe5 dxe5 19. d5 Qe7 20. Nf3 Bc8 21. Kb1 f6 22. Bf2 a5 23. Rc1 Nc5 24. Nh4 Bd7 25. Qf3 Qd6 26. Qh5 Nd3 27. Be3 Nxe1 28. Rxe1 Qf8 29. Bxh6 gxh6 30. Re3 Re7 31. Ng6 Be8 32. Nxe7+ Kh8 33. Ng6+ Bxg6 34. Qxg6 Qg7 35. Rg3 1-0

[Event "CRO-chT2 East"]
[Site "Croatia"]
[Date "2014.05.10"]
[Round "4.52"]
[White "Sulc, Damir"]
[Black "Goric, Esad"]
[Result "1/2-1/2"]
[WhiteElo "2224"]
[BlackElo "2311"]
[PlyCount "65"]
[EventDate "2014.04.26"]
[EventType "team-tourn"]
[EventRounds "11"]
[EventCountry "CRO"]
[SourceTitle "EXT 2019"]
[Source "ChessBase"]
[SourceDate "2018.10.10"]
[SourceVersion "1"]
[SourceVersionDate "2018.10.10"]
[SourceQuality "1"]

1. e4 d5 2. exd5 Qxd5 3. Nc3 Qd6 4. d4 Nf6 5. Nf3 a6 6. Be2 e6 7. 0-0 Be7 8. Ng5 0-0 9. Nce4 Qd8 10. c3 Nbd7 11. Qc2 Rb8 12. Rd1 h6 13. Nxf6+ Nxf6 14. Nf3 b5 15. a4 Bb7 16. Ne5 Bd5 17. axb5 axb5 18. Bf3 Bxf3 19. Nxf3 Bd6 20. h3 Qc8 21. Qe2 Qb7 22. Ne5 Rfd8 23. Bf4 Bxe5 24. Bxe5 Nd7 25. Bf4 Ra8 26. Qg4 Nf6 27. Qg3 Nh5 28. Qg4 Nxf4 29. Qxf4 Qc6 30. Re1 Qc4 31. Qf3 Ra2 32. Rxa2 Qxa2 33. Qc6 1/2-1/2

[Event "CRO-chT Cup 22nd"]
[Site "Bol"]
[Date "2013.05.26"]
[Round "6.31"]
[White "Jovanovic, Zoran"]
[Black "Sulc, Damir"]
[Result "1-0"]
[WhiteElo "2529"]
[BlackElo "2243"]
[PlyCount "73"]
[EventDate "2013.05.22"]
[EventType "team"]
[EventRounds "6"]
[EventCountry "CRO"]
[SourceTitle "CBM 154 Extra"]
[Source "ChessBase"]
[SourceDate "2013.06.25"]
[SourceVersion "2"]
[SourceVersionDate "2013.06.25"]
[SourceQuality "1"]
[WhiteTeam "Osijek"]
[BlackTeam "Nasice Slavonac"]
[WhiteTeamCountry "CRO"]
[BlackTeamCountry "CRO"]

1. e4 c5 2. Nc3 Nc6 3. Bb5 Nd4 4. Bc4 g6 5. Nf3 Bg7 6. Nxd4 cxd4 7. Qf3 Nf6 8. Nb5 0-0 9. Nxd4 d5 10. exd5 Ng4 11. c3 Qc7 12. d3 Nxh2 13. Qf4 Qxf4 14. Bxf4 Ng4 15. Nc2 Bd7 16. a4 Rac8 17. Ne3 Ne5 18. Bxe5 Bxe5 19. Bb5 Rfd8 20. g3 h5 21. Ke2 Rc7 22. d4 Bf6 23. Bxd7 Rcxd7 24. f4 Kg7 25. Kd3 Rc7 26. Rh2 Rcc8 27. Rah1 Kg8 28. g4 hxg4 29. Nxg4 Bg7 30. Ne3 Rd6 31. f5 Ra6 32. Rg2 Rb8 33. Rhg1 b5 34. fxg6 fxg6 35. Rxg6 Rxg6 36. Rxg6 Kf7 37. Ra6 1-0

[Event "CRO-chT2 East"]
[Site "Osijek"]
[Date "2013.04.21"]
[Round "3.31"]
[White "Rosic, Slavko S"]
[Black "Sulc, Damir"]
[Result "0-1"]
[WhiteElo "2273"]
[BlackElo "2244"]
[PlyCount "64"]
[EventDate "2013.04.20"]
[EventType "team-tourn"]
[EventRounds "11"]
[EventCountry "CRO"]
[SourceTitle "EXT 2023"]
[Source "ChessBase"]
[SourceDate "2022.10.05"]
[SourceVersion "1"]
[SourceVersionDate "2022.10.05"]
[SourceQuality "1"]

1. d4 Nf6 2. c4 e6 3. Nf3 Bb4+ 4. Bd2 Qe7 5. a3 Bxd2+ 6. Qxd2 0-0 7. Nc3 d6 8. Qg5 h6 9. Qh4 e5 10. dxe5 dxe5 11. Ne4 Nbd7 12. e3 Re8 13. Ng3 Nf8 14. Nh5 Nxh5 15. Qxh5 Nh7 16. Nd2 Nf6 17. Qh4 Bf5 18. f3 Rad8 19. Qf2 e4 20. g4 Bc8 21. h3 exf3 22. Qxf3 Bd7 23. Rh2 Qe5 24. Re2 Qxb2 25. Rb1 Qxa3 26. Rxb7 Qc1+ 27. Kf2 Bc8 28. Nb3 Qxc4 29. Ra2 Qc3 30. Raxa7 Bxb7 31. Rxb7 Ne4+ 32. Kg1 Nd6 0-1

[Event "CRO-chT2 East"]
[Site "Osijek"]
[Date "2013.04.20"]
[Round "2.51"]
[White "Sulc, Damir"]
[Black "Opacak, Mato"]
[Result "1-0"]
[WhiteElo "2244"]
[BlackElo "1965"]
[PlyCount "135"]
[EventDate "2013.04.20"]
[EventType "team-tourn"]
[EventRounds "11"]
[EventCountry "CRO"]
[SourceTitle "EXT 2023"]
[Source "ChessBase"]
[SourceDate "2022.10.05"]
[SourceVersion "1"]
[SourceVersionDate "2022.10.05"]
[SourceQuality "1"]

1. e4 d6 2. d4 g6 3. Nf3 Bg7 4. Be2 Nf6 5. Nc3 0-0 6. 0-0 a6 7. a4 Nc6 8. h3 b6 9. Be3 Bb7 10. Qc1 e5 11. d5 Ne7 12. Nd2 Nd7 13. Nc4 f5 14. Bg5 Nf6 15. f3 f4 16. Kf2 h6 17. Bxf6 Bxf6 18. Ke1 Bh4+ 19. Kd1 c6 20. dxc6 Nxc6 21. Qd2 Nd4 22. a5 b5 23. Nb6 Rb8 24. Bd3 Kg7 25. Ne2 Nc6 26. c4 b4 27. Nd5 Nxa5 28. Qxb4 Bxd5 29. Qxa5 Bf7 30. Kc2 Qb6 31. Qxb6 Rxb6 32. Nc3 Rc8 33. b3 Rcb8 34. Ra3 Be7 35. Nd5 Bxd5 36. cxd5 a5 37. Rb1 Rc8+ 38. Bc4 Rc5 39. Rba1 Ra6 40. Kd3 Rb6 41. Rxa5 Rxa5 42. Rxa5 Kf6 43. Ra7 Rb8 44. Kc3 Kf7 45. b4 Ke8 46. Ba6 Kd8 47. Bb7 Bh4 48. Bc6 Be1+ 49. Kc2 Bxb4 50. Rh7 h5 51. Rh6 Ba3 52. Rxg6 Rb2+ 53. Kc3 Kc7 54. Rg7+ Kc8 55. h4 Rf2 56. Be8 Bc5 57. Bxh5 Bd4+ 58. Kd3 Ra2 59. Bg4+ Kb8 60. Bh3 Ra3+ 61. Kc4 Rc3+ 62. Kb4 Rc1 63. h5 Rb1+ 64. Kc4 Rc1+ 65. Kd3 Bb6 66. h6 Bd8 67. h7 Rd1+ 68. Kc2 1-0

[Event "Osijek Baranja CupT 6th"]
[Site "Osijek"]
[Date "2013.03.10"]
[Round "4.1"]
[White "Bubalovic, Davorin"]
[Black "Sulc, Damir"]
[Result "1-0"]
[WhiteElo "2288"]
[BlackElo "2244"]
[PlyCount "77"]
[EventDate "2013.03.08"]
[EventType "team-tourn"]
[EventRounds "5"]
[EventCountry "CRO"]
[SourceTitle "EXT 2014"]
[Source "ChessBase"]
[SourceDate "2013.11.20"]
[SourceVersion "1"]
[SourceVersionDate "2013.11.20"]
[SourceQuality "1"]

1. e4 e5 2. Nf3 Nc6 3. Bb5 a6 4. Ba4 Nf6 5. d3 b5 6. Bb3 Be7 7. 0-0 0-0 8. Bd5 Bd6 9. Bg5 h6 10. Bh4 Rb8 11. Nc3 Re8 12. Re1 Bb4 13. a3 Bf8 14. Ne2 Bb7 15. c4 d6 16. cxb5 axb5 17. Qb3 Qe7 18. Bxf6 Qxf6 19. Qxb5 Na7 20. Qa5 c6 21. Bxf7+ Qxf7 22. Qxa7 Qb3 23. Ng3 Qxd3 24. b4 c5 25. bxc5 dxc5 26. Nxe5 Qd6 27. Nc4 Qe6 28. Rab1 Qxc4 29. Rxb7 Ra8 30. Qb6 Rxa3 31. Qc6 Re6 32. Qc8 Rf6 33. e5 Qe6 34. Qxe6+ Rxe6 35. f4 c4 36. Rc7 Bb4 37. Re4 Ra1+ 38. Kf2 Be1+ 39. Rxe1 1-0

[Event "Bosnjaci op 18th"]
[Site "Bosnjaci"]
[Date "2013.01.09"]
[Round "9"]
[White "Sulc, Damir"]
[Black "Monjac, Mislav"]
[Result "0-1"]
[WhiteElo "2248"]
[BlackElo "2129"]
[PlyCount "44"]
[EventDate "2013.01.03"]
[EventType "swiss"]
[EventRounds "9"]
[EventCountry "CRO"]
[SourceTitle "CBM 152 Extra"]
[Source "ChessBase"]
[SourceDate "2013.02.25"]
[SourceVersion "1"]
[SourceVersionDate "2013.02.25"]
[SourceQuality "1"]

1. e4 c5 2. Nf3 d6 3. d4 cxd4 4. Nxd4 Nf6 5. Nc3 Nc6 6. Bg5 Bd7 7. f3 Nxd4 8. Qxd4 Qa5 9. Be3 g6 10. Qd2 Rc8 11. 0-0-0 Bg7 12. Kb1 0-0 13. Nd5 Qd8 14. Nxf6+ Bxf6 15. Bxa7 b6 16. Qb4 Qc7 17. Ba6 Ra8 18. Bxb6 Qc6 19. Bc4 Rab8 20. Bd5 Qxb6 21. Qxb6 Rxb6 22. b3 Re8 0-1